North Carolina True or False? - Statistics

General Stats
  • This quiz has been taken 6,552 times
  • The average score is 12 of 15
Answer Stats
Question Answer % Correct
The Outer Banks are a string of barrier islands True
91%
North Carolina has more people than South Carolina True
90%
Duke University is located in North Carolina True
90%
Kamala Harris is from North Carolina False
85%
Asheville is located in the western part of the state True
85%
People from North Carolina are known as "Tar Heels" True
81%
The pirate Blackbeard once operated in North Carolina True
81%
North Carolina's largest city is also its capital False
80%
The first battle of the Civil War happened in North Carolina False
77%
Before the Civil War, North Carolina and South Carolina were a single state known simply as "Carolina" False
74%
The "Lost Colony" of Roanoke was located in what is today North Carolina True
70%
North Carolina's tallest building is a megachurch shaped like a cross False
69%
The Research Triangle lies about 500 miles off the coast of North Carolina False
62%
The Wright Brothers were born and raised near Kitty Hawk False
62%
North Carolina contains the highest mountain east of the Mississippi River True
60%
No matching quizzes found
Score Distribution
Percent of People with Each Score
Percentile by Number Answered
Your Score History
You have not taken this quiz